| 000 | 00628nam a2200157Ia 4500 | ||
|---|---|---|---|
| 008 | 100122s9999 xx 000 0 und d | ||
| 082 |
_b5748 _a348.7454 |
||
| 100 | _aअप्रबुध्द | ||
| 245 | _aहिंदु कोडाचे कृष्ण कारस्थान | ||
| 250 | _a1 | ||
| 260 |
_bराष्ट्रीय धर्मग्रंथ प्रकाशनालय _c1937 |
||
| 300 | _a94 | ||
| 630 | _aहिंदु कोडाचे कृष्ण कारस्थान | ||
| 730 | _aहिंदु कोडाचे कृष्ण कारस्थान | ||
| 942 | _cBOOK | ||
| 999 |
_c398965 _d398962 |
||